000 00307nam a2200121Ia 4500
008 191201s2019 xx 000 0 und d
100 _aROGERS,Gordon
245 0 _aEngineering Thermodynamics Work and Heat Transfer
260 _aN. Delhi
_bPearson
300 _a711
650 _aB.Tech(ME)
942 _2ddc
_cBK
999 _c6237
_d6237